000 00753nam a2200217 u 4500
005 20240228064047.0
008 121005s2008 mx r 000 0 spa d
020 _a9789704701154
035 _aUPN01000187149
049 _aI
050 4 _aPZ74.9
_bA3.3
100 1 _aAguirre, Irma
_934048
245 1 0 _aCorazón de queso :
_bun corazón que sabe querer = A heart of cheese : a heart that knows how to love /
_cIrma Aguirre ; tr. Mariajosé Girault.
260 _aMéxico :
_bMinos Tercer Milenio,
_c2008.
300 _a33 p. :
_bil. col.
500 _aTexto bilingüe. Español/Inglés
650 4 _aLibros y lectura para niños
_92290
740 2 _aA heart of cheese : a heart that knows how to love
905 _aInfantil
999 _c159252
_d159252